| 000 | 00412nam a22001697a 4500 | ||
|---|---|---|---|
| 005 | 20180810144725.0 | ||
| 008 | 160618b xxu||||| |||| 00| 0 eng d | ||
| 020 | _a9780-07-00707-9 | ||
| 041 | _aeng | ||
| 082 |
_b8139 _a658.3124 |
||
| 100 |
_aNOE, RAYMOND A. _92217 |
||
| 245 | _aEmployee Training and Development | ||
| 260 |
_bTMH _c2008 _aDELHI |
||
| 300 | _a474p, | ||
| 650 |
_aManagement _9241 |
||
| 942 | _cBK | ||
| 999 |
_c3103 _d3102 |
||